La gran dama
Relato generacional sobre la última emperatriz de China, Tzu-Hsi, cuenta la vida, las costumbres de China de esa época, y describe la realidad de la Familia Real Manchú dentro de la Ciudad Prohibida. Aborda intrigas cortesana y política, problemas diversos que va resolviendo la Emperatriz, que se v...
Gardado en:
| Autor Principal: | |
|---|---|
| Formato: | Libro |
| Idioma: | Undetermined |
| Publicado: |
Barcelona, España
Editorial Planeta
1970
|
| Materias: | |
| Etiquetas: |
Engadir etiqueta
Sen Etiquetas, Sexa o primeiro en etiquetar este rexistro!
|
MARC
| LEADER | 00000nam a2200000Ia 4500 | ||
|---|---|---|---|
| 008 | 170316s9999 xx 000 0 und d | ||
| 040 | |a cru BVZT | ||
| 090 | |a 810 B-25gr | ||
| 100 | |a Buck, Pearl S. |9 737 | ||
| 245 | |a La gran dama |c / Pearl S. Buck | ||
| 260 | |a Barcelona, España |b Editorial Planeta |c 1970 | ||
| 300 | |a 501 páginas | ||
| 520 | |a Relato generacional sobre la última emperatriz de China, Tzu-Hsi, cuenta la vida, las costumbres de China de esa época, y describe la realidad de la Familia Real Manchú dentro de la Ciudad Prohibida. Aborda intrigas cortesana y política, problemas diversos que va resolviendo la Emperatriz, que se ve obligada a gobernar sola, y como finalmente tiene que luchar contra la amenaza occidental, que se acerca peligrosamente a China, las revueltas de su pueblo. | ||
| 650 | |a LITERATURA ESTADOUNIDENSE |9 25 | ||
| 650 | |a EN IDIOMA INGLÉS |9 129 | ||
| 650 | |a RELATO |9 283 | ||
| 999 | |c 5457 |d 5457 | ||
| 942 | |c 15 D |h 810 B-25gr |2 z | ||
